000 00187nam a22000857a 4500
001 1301012
005 20260424104808.0
245 _aDİL VE İŞGAL
_cTAHA KILINÇ
260 _bKETEBE YAYINLARI
999 _c1301012
_d1301012